Visualizzazione normale
Vista MARC
- Keita Salif
di Personal Name
Records bibliografici associati: 1
001 - CONTROL NUMBER
- control field: 43192
003 - CONTROL NUMBER IDENTIFIER
- control field: IT-RoPau
005 - DATE AND TIME OF LATEST TRANSACTION
- control field: 20151127102455.0
008 - FIXED-LENGTH DATA ELEMENTS
- fixed length control field: 151127|| aca||aabn | a|a d
040 ## - CATALOGING SOURCE
- Original cataloging agency: IT-RoPau
- Transcribing agency: IT-RoPau
100 ## - HEADING--PERSONAL NAME
- Personal name: Keita Salif
- Relator term: (musica)
- Miscellaneous information: Codice Musica SPICS: 58046
670 ## - SOURCE DATA FOUND
- Source citation: Work cat.: (IT-RoPau)105755: Ouedraogo Idrissa Codice regista SPICS: 44468 43188, 11 SETTEMBRE 2001 - IDRISSA OUEDRAOGO, BURKINA FASO 11 SETTEMBRE 2001 (Rif. Codice opera principale : H5230)